Traffic engineering and transport planning (Record no. 28419)

000 -LEADER
fixed length control field 00503nam a22001937a 4500
001 - CONTROL NUMBER
control field 28419
003 - CONTROL NUMBER IDENTIFIER
control field BD-DhUET
008 - FIXED-LENGTH DATA ELEMENTS--GENERAL INFORMATION
fixed length control field 150610b xxu||||| |||| 00| 0 eng d
040 ## - CATALOGING SOURCE
Transcribing agency 0
Modifying agency BD-DhUET
082 ## - DEWEY DECIMAL CLASSIFICATION NUMBER
Classification number 388.312
Item number KAD/1997
100 ## - MAIN ENTRY--PERSONAL NAME
Personal name Kadiyali, L. R.
245 ## - TITLE STATEMENT
Title Traffic engineering and transport planning
250 ## - EDITION STATEMENT
Edition statement 6th ed.
260 ## - PUBLICATION, DISTRIBUTION, ETC. (IMPRINT)
Place of publication, distribution, etc. Delhi
Name of publisher, distributor, etc. Khanna Publishers
Date of publication, distribution, etc. 1997
300 ## - PHYSICAL DESCRIPTION
Extent xxiii,900 p.
Other physical details ill.
504 ## - BIBLIOGRAPHY, ETC. NOTE
Bibliography, etc Includes bibliographies
650 #0 - SUBJECT ADDED ENTRY--TOPICAL TERM
Topical term or geographic name as entry element Traffic engineering
942 ## - ADDED ENTRY ELEMENTS (KOHA)
Koha item type General Book
Holdings
Koha date last borrowed Piece designation (barcode) Koha out on loan Koha full call number Location (home branch) Koha item type Date acquired Koha date last seen Koha normalized classification for sorting Not for loan Copy number Damaged status Withdrawn status Price effective from Lost status Sublocation or collection (holding branch) Shelving location Koha issues (times borrowed) Source of classification or shelving scheme
 92319 338.312/KAD/1997Central Library, BUETGeneral Book2015-06-102015-06-10338_312000000000000_KAD_1997 1  2015-06-10 Central Library, BUETReading section  
 92318 338.312/KAD/1997Central Library, BUETGeneral Book2015-06-222015-06-22338_312000000000000_KAD_1997 2  2015-06-22 Central Library, BUETReading section  
 92315 388.312/KAD/1997Central Library, BUETGeneral Book2015-06-222015-06-22388_312000000000000_KAD_1997 3  2015-06-22 Central Library, BUETReading section  
 92317 388.312/KAD/1997Central Library, BUETGeneral Book2015-06-222015-06-22388_312000000000000_KAD_1997 4  2015-06-22 Central Library, BUETReading section  
2023-05-28923272024-05-27388.312/KAD/1997Central Library, BUETGeneral Book1998-06-252023-05-28388_312000000000000_KAD_1997 5  2019-03-12 Central Library, BUETCirculation section1 
2024-05-1392326 388.312/KAD/1997Central Library, BUETGeneral Book1998-06-252025-04-30388_312000000000000_KAD_1997 6  2021-03-16 Central Library, BUETCirculation section1 
2026-04-21923282026-05-05388.312 KAD/1997Central Library, BUETGeneral Book1998-06-252026-04-21388_312000000000000_KAD_1997 7  2024-11-17 Central Library, BUETCirculation section3